000 00721nam a2200265Ia 4500
003 OSt
005 20221006143418.0
006 a|||||r|||| 00| 0
007 ta
008 221006b |||||||| |||| 00| 0 eng d
020 _c130.00(total)
024 _a8,881
037 _cTextual
040 _aEASL
_cEASL
_beng
041 _2eng
_aeng
082 _aV42:1973.N40, K7
100 _aFEIS Herbert
245 0 _aRoad to pearl harbor
_b The coming of the war between the united states and Japan
260 _aNew Jersey
_bPrinceton
_c1950
300 _a356p.
_ccm.
490 _v JEL
650 _aJEL
942 _hV42:1973.N40, K7
_cTEXL
_2CC
999 _c1076967
_d1076967